01650nam a2200361 a 4500001001000000003000500010005001700015008004100032010001100073011001100084040000900095090001000104100003300114245027100147260004100418500006000459502010800519590004100627590004000668590004000708650002900748650002700777650003000804650003300834700003300867856007000900901000700970942001000977942000600987999001900993952014001012952013601152000110402CHAP20220329144131.0140826s2014 mx sm |||||||spa d a106864 a107836 cCHAP aTesis1 aDíaz Rosas, Emilio912789710aEstudio de factibilidad técnico-económico para la puesta en marcha de una planta procesadora de nopal (Ficus Indica) productores de nopal Yopitas S.P.R. de R.L. en el Municipio de Tlayacapan, Morelos.h[En línea]cpor Emilio Díaz Rosas y Omar Ocampo Cabrera. aChapingo, Méx. :bEl autor,c2014. aPara ver el contenido del material haga clic en la liga aTesis (Ing. Agr. Esp. en Ingeniero Agroindustrial) -- UACH. Departamento de Ingeniería Agroindustrial aBATCH-UPDb05c20141002lUCH01h0905 aE5765TAJb05c20140826lUCH01h0852 aE5765TAJb05c20140826lUCH01h085314aNopalxIndustria.98167614aNopalxMorelos.98168514aNopalxProcesado.912789914aPlantas industriales.9890091 aOcampo Cabrera, Omar9127898 aFinding aiduhttp://10.13.5.2/tesis/sist110402.pdfzTeclea aquí aBK cTESIS n0 c106864d106864 00102local4053708TESISaBCbBCcPA_TESISd2014-08-26fTESISl0oTesisp33724002418199r2019-12-31 00:00:00tc.2w2019-12-31yTESIS 00104054718TESISaBCbBCd2014-08-26fTESISl0oTesisp33724002418231r2019-12-31 00:00:00w2019-12-31yTESISzRecien adquirido